| 000 | 00589aas a2200217 4500 | ||
|---|---|---|---|
| 999 |
_c3758 _d3758 |
||
| 003 | BR-BrBNA | ||
| 005 | 20230317233908.0 | ||
| 007 | ta | ||
| 008 | 230119b bl ||||| |||| 00| 0 por d | ||
| 035 | _a000485-5 | ||
| 040 |
_aBR-BrBNA _bPor _cBR-BrBNA |
||
| 042 | _aN | ||
| 044 | _abl | ||
| 245 | _aSérie Projeto de Pesquisa PDRI-IRECÊ (Brazil) | ||
| 260 |
_aSalvador-BA _bEmpresa de Assistência Técnica e Extensão Rural da Bahia _c1985 _eBBA |
||
| 270 | _aCaixa Postal, 727 - Cep: 40.001 | ||
| 310 | _airregular | ||
| 505 | _a1985 (1-4,8); | ||
| 909 |
_a56 _bSergio Santos _c56 _dSergio Santos |
||
| 942 |
_cCR _2AGRIS |
||